000 00720nam a2200253Ia 4500
001 Para_460
003 CHAP
008 220125s1979 xx 000 0 und d
010 _a199215
040 _cCHAP
082 _aPA 632.96 R4 1979
111 _aReunión nacional de control biológico (7:1979:Veracruz, Ver.)
_996454
245 _aPonencias /
_c Dirección General de Sanidad Vegetal
260 _aVeracruz, Ver. :
_b La Dirección
300 _a169 p.
650 _aControl biológico
_x congresos
_9164519
901 _aPA 632.96 R4 1979
902 _aM
905 _a0000001979 ai 0000000000 00
910 _a1979
942 _cPARA
942 _cPARA
_d1
999 _c199215
_d199215